000 00491nam a22001931a 4500
001 335
003 OSt
005 20260204211648.0
008 031126s2000||||dr ||||||b||||||||||spa||
050 _aRD 388.3 D713c
082 _aRD 388.3 D713c
100 _aDominguez Guzmán, Francisco
245 _aChofer / Francisco Dominguez Guzmán
264 _aSanto Domingo : Cristian
300 _a139 p
500 _aIncluye bibliografías
650 _a1.Tránsito-VehículoÌ
942 _2ddc
_cBK
999 _c335
_d335